[Event "IECC Swiss-547.4"]
[Site "IECC email"]
[Date "2011.06.29"]
[Round "?"]
[White "Barr, Clark"]
[Black "Santos, Sebastiao"]
[Result "0-1"]
[WhiteElo "1759"]
[BlackElo "1908"]
[PlyCount "48"]
[EventDate "2011.??.??"]
[EventType "swiss (corr)"]
[EventRounds "1"]
[SourceTitle "Telechess CBM 145"]
[Source "Chessbase"]
[SourceDate "2011.11.11"]
[SourceVersion "1"]
[SourceVersionDate "2011.11.11"]
[SourceQuality "1"]
[WhiteTeam "US of America"]
[BlackTeam "Spain"]
[WhiteTeamCountry "USA"]
[BlackTeamCountry "ESP"]

1. e4 c5 2. f4 Nc6 3. Nc3 e6 4. Nf3 Nf6 5. e5 Nd5 6. d3 Nxc3 7. bxc3 d5 8. Be2 Be7 9. 0-0 0-0 10. Be3 Qc7 11. c4 dxc4 12. dxc4 Rd8 13. Qe1 b6 14. c3 Ba6 15. Nd2 Rd7 16. Rf3 Na5 17. Qb1 Bb7 18. Rg3 g6 19. Nb3 Nxb3 20. axb3 Bc6 21. Rh3 Kg7 22. Qe1 Rad8 23. b4 a5 24. Qf2 Be4 0-1

[Event "IECC Swiss-547.1"]
[Site "IECC email"]
[Date "2009.10.17"]
[Round "?"]
[White "Barr, Clark"]
[Black "Pinkerton, Nick J"]
[Result "1/2-1/2"]
[WhiteElo "1700"]
[BlackElo "1888"]
[PlyCount "56"]
[EventDate "2009.??.??"]
[EventType "tourn (corr)"]
[EventRounds "1"]
[SourceTitle "Telechess CBM 137"]
[Source "ChessBase"]
[SourceDate "2010.07.15"]
[SourceVersion "1"]
[SourceVersionDate "2010.07.15"]
[SourceQuality "1"]
[WhiteTeam "US of America"]
[BlackTeam "England"]
[WhiteTeamCountry "USA"]
[BlackTeamCountry "ENG"]

1. e4 e6 2. d4 d5 3. Nd2 c5 4. exd5 exd5 5. Bb5+ Bd7 6. Qe2+ Be7 7. dxc5 Nf6 8. Nb3 0-0 9. Nf3 Re8 10. Be3 a6 11. Bd3 Ba4 12. Nfd4 Nbd7 13. 0-0-0 Nxc5 14. Nf5 Nxd3+ 15. Qxd3 Bf8 16. Bg5 h6 17. h4 Bxb3 18. axb3 a5 19. Qg3 Ne4 20. Bxd8 Nxg3 21. Nxg3 Raxd8 22. Kb1 Re5 23. Rd2 Bc5 24. Rhd1 g6 25. h5 g5 26. f3 Be3 27. Rd3 Bb6 28. R3d2 Be3 1/2-1/2